000 01058nam a2200289 a 4500
999 _c433744
_d433744
003 BLK
005 20250408152249.0
008 211020b bul|||||r ||||||| ||bul||
020 _a9786192300272
040 _aBLK
041 _aBUL
_cBUL
080 _aБългарска литература
_b821.163.2
_x-31
_z821.163.2-31
100 _aГизгинджиев, Радослав Руменов
_eпърви автор
_9465668
139 _aГизгинджиев, Радослав Руменов
_bГ 46
245 1 0 _aПовече от любов
_cРадослав Гизгинджиев
250 _a2. изд.
257 _aBGR
260 _aСофия
_bФабрика за книги
_c2020
_9220362
_dимпринт на БГкнига
300 _a341 с.
_c20 см
380 _aX
500 _aБез сведение за 1. изд.
852 _aЦб 309307
852 _bП
_c821.163.2-31/Г 46 Р
942 _cKNG
_n0
_s1
_012
944 _aCR
_c2021-10-13
_k30531
_lЦветелина Шанова
944 _aED
_c2021-10-20
_kГГГ